[Event "Blankenese op 3rd"]
[Site "Hamburg"]
[Date "2019.10.03"]
[Round "2"]
[White "Reuter, Maximilian"]
[Black "Kloerss, Knut"]
[Result "1-0"]
[WhiteElo "1907"]
[BlackElo "1727"]
[PlyCount "73"]
[EventDate "2019.10.03"]
[EventType "swiss"]
[EventRounds "7"]
[EventCountry "GER"]
[SourceTitle "EXT 2023"]
[Source "ChessBase"]
[SourceDate "2022.10.05"]
[SourceVersion "1"]
[SourceVersionDate "2022.10.05"]
[SourceQuality "1"]

1. d4 Nf6 2. Bf4 d5 3. e3 e6 4. Nd2 c5 5. c3 Nc6 6. Ngf3 Bd6 7. Bg3 Bxg3 8. hxg3 Qb6 9. Rb1 Bd7 10. Bd3 c4 11. Bc2 Qa5 12. Qc1 b5 13. a3 h6 14. e4 Qc7 15. e5 Ng8 16. g4 Nge7 17. Nf1 0-0-0 18. Ng3 Rdf8 19. 0-0 f6 20. a4 bxa4 21. exf6 Rxf6 22. Bxa4 Na5 23. Bxd7+ Qxd7 24. Ne5 Qc7 25. Nh5 Nb3 26. Qc2 Rg8 27. Rfe1 Qd6 28. Nxf6 gxf6 29. Nf7 Qf4 30. g3 Qd2 31. Qh7 Kd7 32. Rbd1 Qxb2 33. Nxh6 Rg6 34. Qf7 Rxh6 35. Qxe6+ Kc7 36. Qxe7+ Kb6 37. Re6+ 1-0

[Event "GER-chT North U12"]
[Site "Magdeburg"]
[Date "2014.09.14"]
[Round "7.3"]
[White "Mueller, Nikica"]
[Black "Kloerss, Knut"]
[Result "0-1"]
[WhiteElo "884"]
[BlackElo "1115"]
[PlyCount "112"]
[EventDate "2014.09.11"]
[EventType "team-swiss"]
[EventRounds "7"]
[EventCountry "GER"]
[SourceTitle "EXT 2016"]
[Source "ChessBase"]
[SourceDate "2015.10.08"]
[SourceVersion "1"]
[SourceVersionDate "2015.10.08"]
[SourceQuality "1"]
[WhiteTeam "Bremen West"]
[BlackTeam "Luebeck"]
[WhiteTeamCountry "GER"]
[BlackTeamCountry "GER"]

1. e4 e6 2. Nf3 d5 3. d3 c5 4. Be2 Nf6 5. e5 Nfd7 6. 0-0 Nc6 7. Bf4 Be7 8. h3 0-0 9. c3 b6 10. d4 Bb7 11. Qd2 Rc8 12. Bd3 g6 13. Re1 cxd4 14. cxd4 Bb4 15. Nc3 Qc7 16. Rac1 Ndb8 17. Bh6 Rfd8 18. Qf4 Be7 19. Ng5 Bxg5 20. Qxg5 Qe7 21. Qf4 Ba6 22. Bg5 f6 23. Bxf6 Qf7 24. g3 Bxd3 25. Bxd8 Qxf4 26. gxf4 Rxd8 27. Re3 Bf5 28. Nxd5 Rxd5 29. h4 Rxd4 30. b3 Rxf4 31. h5 gxh5 32. Rg3+ Rg4 33. Rxg4+ hxg4 34. Kg2 Kg7 35. Kh2 h5 36. Kg3 Kg6 37. Kh4 Nxe5 38. Rc8 Nbd7 39. Rg8+ Kh6 40. Rh8+ Bh7 41. Re8 Bf5 42. Rh8+ Kg6 43. Rxh5 Nf3+ 44. Kg3 Kxh5 45. a4 a5 46. Kg2 Nc5 47. Kg3 Nxb3 48. Kg2 Nc5 49. Kg3 Nxa4 50. Kg2 b5 51. Kf1 Nc3 52. Kg2 b4 53. Kg3 b3 54. Kg2 b2 55. Kg3 b1Q 56. Kg2 Qg1# 0-1

[Event "GER-chT North U12"]
[Site "Magdeburg"]
[Date "2014.09.12"]
[Round "3.3"]
[White "Schuster, Tobias"]
[Black "Kloerss, Knut"]
[Result "0-1"]
[WhiteElo "995"]
[BlackElo "1115"]
[PlyCount "66"]
[EventDate "2014.09.11"]
[EventType "team-swiss"]
[EventRounds "7"]
[EventCountry "GER"]
[SourceTitle "EXT 2016"]
[Source "ChessBase"]
[SourceDate "2015.10.08"]
[SourceVersion "1"]
[SourceVersionDate "2015.10.08"]
[SourceQuality "1"]
[WhiteTeam "Gottingen Rochade"]
[BlackTeam "Luebeck"]
[WhiteTeamCountry "GER"]
[BlackTeamCountry "GER"]

1. e4 e6 2. d4 d5 3. e5 c5 4. Nf3 Nc6 5. c3 Qb6 6. Bd3 f6 7. 0-0 Nge7 8. Na3 Bd7 9. c4 cxd4 10. cxd5 Nxd5 11. Nc4 Qc5 12. b3 fxe5 13. Re1 Bd6 14. Nxd6+ Qxd6 15. Bb2 a6 16. Rc1 0-0 17. Qe2 Nf4 18. Qc2 Nxd3 19. Qxd3 Rf5 20. Rc2 Nb4 21. Qc4 Nxc2 22. Qxc2 d3 23. Qc3 Rc8 24. Qa5 Rc5 25. Qd2 Rc2 26. Bxe5 Rxe5 27. Qf4 Rxe1+ 28. Nxe1 Qxf4 29. g3 Qe4 30. h4 Qxe1+ 31. Kh2 Qxf2+ 32. Kh3 e5+ 33. g4 Qf3# 0-1

[Event "GER-chT North U12"]
[Site "Magdeburg"]
[Date "2014.09.11"]
[Round "1.3"]
[White "Schulz, Maximilian"]
[Black "Kloerss, Knut"]
[Result "0-1"]
[WhiteElo "1050"]
[BlackElo "1115"]
[PlyCount "67"]
[EventDate "2014.09.11"]
[EventType "team-swiss"]
[EventRounds "7"]
[EventCountry "GER"]
[SourceTitle "EXT 2016"]
[Source "ChessBase"]
[SourceDate "2015.10.08"]
[SourceVersion "1"]
[SourceVersionDate "2015.10.08"]
[SourceQuality "1"]
[WhiteTeam "Gross Schoenebeck"]
[BlackTeam "Luebeck"]
[WhiteTeamCountry "GER"]
[BlackTeamCountry "GER"]

1. e4 e6 2. Nc3 d5 3. d3 c5 4. exd5 exd5 5. Qe2+ Be7 6. Qe5 Nf6 7. Nf3 Nc6 8. Qg3 0-0 9. Bh6 Nh5 10. Qg5 Bxg5 11. Bxg5 Qe8+ 12. Be2 a6 13. Bd2 d4 14. Nd5 Qd7 15. Nf4 Nxf4 16. Bxf4 Re8 17. Rd1 Qe6 18. Rd2 Qxa2 19. b3 Qb1+ 20. Rd1 Qxc2 21. Rd2 Qxb3 22. 0-0 a5 23. Bd1 Qc3 24. Bd6 Bg4 25. Re2 Rxe2 26. Bxe2 Bxf3 27. Bxf3 Qxd3 28. Bxc5 Qc4 29. Bd6 d3 30. h3 Rd8 31. Bc7 d2 32. Rd1 Rd7 33. Bg3 Qc2 34. Rf1 0-1